00452 a2200169 450000100060000002000150000604000220002110000270004324000180007024500130008830000080010136200090010965000310011894200070014995201090015699900170026561123 a8526236199 cAnchieta - Pituba aRubin, Sarah Giersztel10aInglêslIng10aInglês a2080 a2000 4aInglês e inglês antigo cBK 00104070a91.1b91.1d2023-11-21l0o420 R896i RUB INGp13031/PITr2023-11-21 18:29:15w2023-11-21yBK c61123d61123